Responses for Show #6887 - Tuesday, July 22, 2014

2014 Teen Tournament quarterfinal game 2.

Contestants

[<< previous game]

Jeff Xie, a junior from Edison, New Jersey

Selena Groh, a junior from Arlington Heights, Illinois

Erin Christopher, a sophomore from Lexington, Kentucky

[next game >>]

Jeopardy! Round responses

KATY PERRY
AFTER-SCHOOL CLUBS
OFFICIAL LANGUAGES
MY PRESENT GOVERNMENT JOB
YOU'RE ON THE LIST
WE'LL NEED YOUR "ID"
(Alex: Those two letters, "I-D", will either end or begin each correct response.)
    $200 1
"Roar"

Erin!
    $200 28
the bowling club

Selena
    $200 6
Spanish

Jeff
    $200 16
the Attorney General

Jeff
    $200 20
the Seven Ancient Wonders of the World

Jeff
    $200 11
Cupid

Erin!
    $400 2
John Mayer

Selena
    $400 25
a glee club

Selena
    $400 7
Portuguese

Jeff
    $400 17
[A subtitle was superimposed over the screen for the duration of the clue: "(RECORDED IN MARCH 2014)". Sebelius announced her resignation on 2014-04-11.]

Secretary of Health and Human Services

Triple Stumper
    $400 21
(Erin!: What are justices?)
(Alex: Be a little more specific.)
(Erin!: What are [*]?)

Supreme Court justices

Erin!
    $400 12
frigid

Jeff
    $600 3
"Wide Awake"

Selena
    $600 26
drama club

Jeff
    $600 8
Arabic

Jeff
    $600 18
Secretary of Defense

Jeff
    $600 22
a knight (of the British Empire)

Erin!
    $600 13
ides

Erin!
    $800 4
"Part Of Me"

Erin!
    $800 27
business leaders

Jeff
    $800 9
French

Erin!
    $800 19
representative

Erin!
    $800 23
books of the New Testament

Jeff
    $800 14
idiom

Jeff
    $1000 5
"California Gurls"

Erin!
    $1000 29
Mu Alpha Theta

Triple Stumper
    $800 10
English

Erin!
    $1000 30
Governor of Arizona

Jeff
    $1000 24
chlorine

Selena
    $1000 15
carotid

Jeff

Scores at the first commercial break (after clue 15):

Erin! Selena Jeff
$4,400 $1,000 $3,400

Scores at the end of the Jeopardy! Round:

Erin! Selena Jeff
$6,200 $2,600 $7,600

Double Jeopardy! Round responses

BOOKS WITH SUBTITLES
6-LETTER WORDS
INVENTORS & INVENTIONS
EVERY YEAR
NICKNAMES
ON YOUTUBE
    $400 8
Peter Pan

Selena
    $400 26
ascend

Selena
    $400 14
(Thomas) Edison

Jeff
    $400 23
the Macy's Thanksgiving Day Parade

Jeff
    $400 10
Rutherford B. Hayes

Selena
    $400 24
(Selena: What is [*]?)
(Alex: Correct.)
[Laughter]

twerking

Selena
    $800 5
The Hobbit

Erin!
    $800 25
(Erin!: What is frank?)

candid

Erin!Jeff
    $800 15
(Jeff: What is Silly Putty?)

gum

SelenaJeff
    $800 19
Columbus Day

Erin!
    $800 9
Clay Matthews

Jeff
    $800 1
rap

Jeff
    $1200 6
Oliver Twist

Erin!
    $1200 27
googol

Jeff
    $1200 16
CDs

Selena
    $1200 20
(Alex: [*], yes. Don't forget that one.)

Father's Day

Erin!
    $1200 11
Elizabeth I

Jeff
    $1200 2
Psy

Selena
    $1600 7
Roots

Triple Stumper
    $1600 28
(Alex: That's a baby swan, or [*].)

cygnet

Triple Stumper
    $1,000 17
(Alex: Say something.)
(Selena: Yeah, um, who...)

Marconi

Selena
    $1600 21
(Selena: What is... [**]?)
(Alex: No.)
[Jeff attempts to ring in.]
(Alex: We'll accept that. [*] is really what we were going for, but you are close enough. Pick again.)

Halloween (All Hallows' Eve accepted)

Selena
    $1600 12
Typhoid Mary

Jeff
    $1600 3
Volvo

Triple Stumper
    $2000 30
World War Z

Selena
    $3,000 29
gerund

Jeff
    $2000 18
sextant

Selena
    $2000 22
Arbor Day

Jeff
    $2000 13
P.T. Barnum

Triple Stumper
    $2000 4
a goat

Selena

Scores at the end of the Double Jeopardy! Round:

Erin! Selena Jeff
$9,400 $14,000 $19,000

Final Jeopardy! Round responses

WORLD LANDMARKS
(Alex: [To Jeff] He had $19,000. He's not looking very happy. Why? He came up with the correct--well, no, he--you forgot the "L".)
(Jeff: [Chuckles] Yeah.)
(Alex: Yeah, you misspelled it, so that's an incorrect response.)
Erin!What is the London Eye??
$400
SelenaWhat is the Eiffel Tower?
$6,000
JeffWhat is the Eiffe. Tower?
$0
the Eiffel Tower

Final scores:

Erin! Selena Jeff
$9,000 $20,000 $19,000
3rd place: $5,000 if eliminated Automatic semifinalist 2nd place: $5,000 if eliminated

Game dynamics:

Coryat scores:

Erin! Selena Jeff
$9,600 $15,000 $18,000
14 R
(including 1 DD),
1 W
16 R,
1 W
(including 1 DD)
23 R
(including 1 DD),
1 W

Combined Coryat: $42,600

[game clues] [game scores] [suggest correction]

Game tape date: 2014-03-04
The J! Archive is created by fans, for fans. Scraping, republication, monetization, and malicious use prohibited; this site may use cookies and collect identifying information. See terms. The Jeopardy! game show and all elements thereof, including but not limited to copyright and trademark thereto, are the property of Jeopardy Productions, Inc. and are protected under law. This website is not affiliated with, sponsored by, or operated by Jeopardy Productions, Inc. Join the discussion at JBoard.tv.